| 000 | 00993nmc a2200337 a 4500 | ||
|---|---|---|---|
| 003 | AR-BaBNM | ||
| 005 | 20251128205505.0 | ||
| 008 | 107119s1997 ||||||||||||||000 | spa|| | ||
| 020 | _a950-845-046-0 | ||
| 040 | _cAR-BaBNM | ||
| 245 | 1 | 0 |
_aMemoria colectiva y polĂticas de olvido _bArgentina y Uruguay, 1970-1990 |
| 260 |
_aBuenos Aires _bBeatriz Viterbo Editora _c1997 |
||
| 300 | 0 | _a376 p. | |
| 490 | 0 | _aEstudios culturales | |
| 504 | _aAl final de cada trabajo se encuentra la bibliografĂa consultada | ||
| 585 | _aExpuesto en: Feria del Libro 2006 | ||
| 650 | 4 | _aHISTORIA POLITICA | |
| 650 | 4 | _aCIENCIAS POLITICAS | |
| 650 | 4 | _aREVOLUCION | |
| 650 | 4 | _aLIBERTAD DE PRENSA | |
| 650 | 4 | _aCONCIENCIA NACIONAL | |
| 650 | 4 | _aMEMORIA | |
| 650 | 4 | _aHISTORIA CULTURAL | |
| 651 | 4 | _aUruguay | |
| 651 | 4 | _aArgentina | |
| 653 | 0 | _aPOSMODERNIDAD | |
| 700 | 1 |
_aBergero, Adriana J. _ecompilador |
|
| 700 | 1 |
_aReati, Fernando _ecompilador |
|
| 942 | _cBK | ||
| 998 | _cmariana | ||
| 999 |
_c11606 _d11606 |
||